000 00801nam a22002417a 4500
001 sjds170119
003 sjds
005 20170705160211.0
008 170705b mx||||| |||| 00| 0 spa d
020 _a9789707902015 (pbk.)
040 _csjds
041 _aspa
082 _a398.2
100 1 _aBenatar, Raquel
245 _aTalé y el secreto de la laguna /
_c adaptación de Raquel Benatar ; il. Adrián Rubio.
260 _aMéxico : SEP :
_bComisión Nacional de Libros de Texto Gratuitos :
_bMcGraw-Hill Interamericana,
_c2005.
300 _a31 p. :
_bil. color ;
_c21 x 27 cm.
440 _aLibros del rincón., Al sol solito
500 _a"Hacia un país de lectores."
700 1 _aRubio, Adrián
710 2 _a México.
_bSecretaría de Educación Pública.
942 _2ddc
_cBK
999 _c18106
_d18106